[Event "Jugoslavija"]
[Site "?"]
[Date "2000.??.??"]
[Round "?"]
[White "Georgiev, Ki"]
[Black "Motylev, A."]
[Result "1-0"]
[WhiteElo "2660"]
[BlackElo "2570"]
[PlyCount "121"]
[EventDate "2000.??.??"]
[Source "Chess Informant"]
[SourceDate "2000.06.01"]

1. e4 e5 2. Nf3 Nf6 3. Nxe5 d6 4. Nf3 Nxe4 5. Bd3 d5 6. Qe2 Qe7 7. O-O Nd6 8. Qd1 Qd8 9. Re1+ Be7 10. Nc3 c6 11. Qe2 Nd7 12. b4 Nf8 13. b5 Ne6 14. bxc6 bxc6 15. Ne5 Qc7 16. Ba3 O-O 17. Rab1 Nf4 18. Qf3 Nxd3 19. Nxd3 Be6 20. Nf4 Nc4 21. Bxe7 Qxe7 22. Re2 Qf6 23. Qg3 Rfe8 24. Nxe6 fxe6 25. Rbe1 Re7 26. Nd1 Rae8 27. d3 Nb6 28. Ne3 h5 29. h3 e5 30. c4 Kh7 31. Nc2 Na4 32. d4 exd4 33. Qd3+ g6 34. Rxe7+ Rxe7 35. Rxe7+ Qxe7 36. Qxd4 Nb6 37. cxd5 Nxd5 38. Qc4 Qf6 39. Qc5 a6 40. Qa7+ Kh6 41. Qxa6 Qg5 42. Qa3 Qd2 43. Ne3 Qe1+ 44. Nf1 Kg7 45. g3 h4 46. gxh4 Nc3 47. Qa7+ Kf6 48. Qb8 Kg7 49. a4 Qe7 50. Qb2 Qe1 51. a5 Kh7 52. Qd2 Qe5 53. Ne3 Qxa5 54. Qd7+ Kh8 55. Qe8+ Kg7 56. Qe7+ Kh8 57. Qf8+ Kh7 58. Ng4 Nd5 59. Qh6+ Kg8 60. Qxg6+ Kh8 61. Qxc6 1-0

[Event "Neum"]
[Site "?"]
[Date "2000.??.??"]
[Round "?"]
[White "Georgiev, Ki"]
[Black "Motylev, A."]
[Result "0-1"]
[WhiteElo "2660"]
[BlackElo "2570"]
[PlyCount "64"]
[EventDate "2000.??.??"]
[Source "Chess Informant"]
[SourceDate "2000.06.01"]

1. e4 e5 2. Nf3 Nf6 3. Nxe5 d6 4. Nf3 Nxe4 5. Bd3 d5 6. Qe2 Qe7 7. O-O Nd6 8. Qd1 Qf6 9. Re1+ Be7 10. Nc3 c6 11. b4 Bg4 12. b5 Bxf3 13. Qxf3 Qxf3 14. gxf3 Kd8 15. Ba3 Nc8 16. bxc6 bxc6 17. Bxe7+ Nxe7 18. Rab1 Nc8 19. Na4 Nd6 20. Bf1 Nd7 21. Bh3 Re8 22. Re3 f5 23. Bf1 Kc7 24. Rbb3 d4 25. Re2 Rxe2 26. Bxe2 Re8 27. Kf1 Re5 28. Rb4 Ra5 29. Nb2 Rxa2 30. Nd3 Ra1+ 31. Ne1 c5 32. Rb2 Ne5 0-1

[Event "Zonal"]
[Site "Zagreb zt"]
[Date "1993.??.??"]
[Round "9"]
[White "Smirin, Ilia"]
[Black "Alterman, Boris"]
[Result "1/2-1/2"]
[WhiteElo "2590"]
[BlackElo "2600"]
[PlyCount "25"]
[EventDate "1993.??.??"]
[Source "www.chesslib.no"]
[SourceDate "2004.05.04"]

1. e4 e5 2. Nf3 Nf6 3. Nxe5 Ba3 4. Nxf7 Na6 5. Qh5 g5 6. Bxa6 h6 7. f3 Nd5 8. g4 Nb4 9. Nxg5+ Ke7 10. c4 Nxa2 11. Bxb7 Kf8 12. Bc6 Be7 13. Bd5 1/2-1/2

[Event "1st Serbian League Men"]
[Site "Zlatibor SRB"]
[Date "2007.08.31"]
[Round "10"]
[White "Sedlak, N."]
[Black "Solodovnichenko, Y."]
[Result "1/2-1/2"]
[WhiteElo "2590"]
[BlackElo "2582"]
[PlyCount "272"]
[EventDate "2007.08.21"]
[Source "www.chesslib.no"]
[SourceDate "2004.05.04"]

1. e4 e5 2. Nf3 Nf6 3. d3 d6 4. g3 g6 5. Bg2 Bg7 6. c4 Bg4 7. h3 Bxf3 8. Bxf3 Nc6 9. Be3 Nd7 10. Nc3 Nc5 11. O-O h5 12. h4 Ne6 13. Bg2 Ncd4 14. Ne2 Nxe2+ 15. Qxe2 c5 16. Qd2 Qe7 17. a3 Nd4 18. Rab1 a5 19. Bxd4 cxd4 20. b4 Bh6 21. Qb2 O-O 22. Bh3 Ra7 23. b5 b6 24. f4 exf4 25. Qxd4 fxg3 26. Qxb6 Rb7 27. Qd4 Qxh4 28. Kg2 g5 29. Qxd6 g4 30. Qxg3 Qxh3+ 31. Qxh3 gxh3+ 32. Kxh3 Be3 33. Rf5 Rc8 34. a4 Rc5 35. Rxc5 Bxc5 36. Kh4 Rb6 37. Rf1 Rh6 38. Rf5 Be7+ 39. Kh3 Rd6 40. Rf3 Rd8 41. Kg3 Kg7 42. Kf4 h4 43. Kf5 Bc5 44. Kg4 Rh8 45. Kh3 Rh5 46. Rf4 Kg6 47. Rf1 f5 48. Rf4 Kf6 49. exf5 Rxf5 50. Rxh4 Rf3+ 51. Kg2 Rxd3 52. Rh5 Be3 53. b6 Rb3 54. Rxa5 Rxb6 55. Kf3 Bg1 56. Ke4 Re6+ 57. Kd3 Re3+ 58. Kc2 Bh2 59. Rh5 Be5 60. Rh6+ Ke7 61. Rc6 Rc3+ 62. Kd2 Ra3 63. Rc5 Bd6 64. Rb5 Rxa4 65. Kd3 Kd7 66. Rd5 Kc6 67. Kd4 Ra1 68. Kc3 Bc5 69. Kb2 Ra4 70. Kb3 Ra3+ 71. Kb2 Rh3 72. Kc2 Kb6 73. Kb2 Kc6 74. Kc2 Re3 75. Kd2 Rf3 76. Kc2 Bb4 77. Rd3 Rf2+ 78. Kb3 Be7 79. Rd5 Bf6 80. Rh5 Rf3+ 81. Ka2 Kd6 82. Rd5+ Ke6 83. Rc5 Rc3 84. Rc8 Kf5 85. Rc6 Bd4 86. Rh6 Ke4 87. Rh4+ Kd3 88. Rh3+ Be3 89. Rh4 Rc1 90. Kb2 Re1 91. Rh3 Kxc4 92. Rh2 Bd4+ 93. Kc2 Ra1 94. Re2 Rf1 95. Kd2 Rf3 96. Kc2 Be3 97. Rg2 Bf4 98. Re2 Rc3+ 99. Kb2 Bc1+ 100. Ka2 Be3 101. Kb2 Kb4 102. Rg2 Bd4 103. Rd2 Be5 104. Kb1 Rc7 105. Re2 Bg7 106. Rg2 Bf6 107. Rf2 Bc3 108. Re2 Kb3 109. Rb2+ Kc4 110. Rg2 Ra7 111. Ra2 Re7 112. Kc2 Re2+ 113. Kb1 Re1+ 114. Kc2 Rg1 115. Ra4+ Bb4 116. Ra2 Re1 117. Rb2 Re2+ 118. Kb1 Re1+ 119. Kc2 Ra1 120. Rb1 Ra8 121. Rb3 Rg8 122  Rb2 Ba3 123. Ra2 Rg3 124. Kb1 Rb3+ 125. Kc2 Rd3 126. Ra1 Bb4 127. Ra2 Re3 128. Rb2 Re2+ 129. Kb1 Bd2 130. Ra2 Re1+ 131. Kc2 Bb4 132. Rb2 Rh1 133. Ra2 Rh3 134. Kb2 Rb3+ 135. Kc2 Ba3 136. Kd2 Rb2+ 1/2-1/2

[Event "II Open internazionale"]
[Site "Lugano SVI"]
[Date "2008.03.15"]
[Round "6.2"]
[White "Hamdouchi, Hicham"]
[Black "Guliyev, Namig"]
[Result "0-1"]
[WhiteElo "2575"]
[BlackElo "2570"]
[PlyCount "138"]
[EventDate "2008.03.13"]
[Source "www.chesslib.no"]
[SourceDate "2004.05.04"]

1. e4 e5 2. Nf3 Nf6 3. Nxe5 d6 4. Nf3 Nxe4 5. Bd3 Nf6 6. O-O Be7 7. h3 O-O 8. c3 b6 9. Bc2 Bb7 10. d4 Re8 11. Bg5 Nbd7 12. Nbd2 h6 13. Bf4 Bf8 14. Bd3 Ne4 15. Nxe4 Bxe4 16. Bxe4 Rxe4 17. Bg3 Nf6 18. Qd3 Qd7 19. a4 c6 20. b4 Ree8 21. c4 a6 22. Rfd1 b5 23. Bh4 bxc4 24. Qxc4 Ne4 25. Qc2 Qb7 26. Rab1 Rac8 27. Rdc1 g5 28. Bg3 Bg7 29. Bh2 f5 30. Re1 Qf7 31. Rb3 Qd5 32. Rbe3 Re6 33. g4 Rf8 34. gxf5 Qxf5 35. Rxe4 d5 36. R4e2 Rxe2 37. Qxe2 Qxf3 38. Qxf3 Rxf3 39. Be5 Bxe5 40. dxe5 Rc3 41. e6 Kf8 42. e7+ Ke8 43. Re6 h5 44. Kg2 h4 45. Re5 Rb3 46. Re6 Rxb4 47. Rxc6 Rxa4 48. Rc5 Kxe7 49. Rxd5 Kf6 50. Rd8 a5 51. Rf8+ Kg6 52. Rg8+ Kf5 53. Rf8+ Ke4 54. Rg8 Rc4 55. Rxg5 a4 56. Rg4+ Kd3 57. f4 a3 58. Kf3 a2 59. Rg1 Ra4 60. Ra1 Kc3 61. Kg4 Kb2 62. Rxa2+ Rxa2 63. Kxh4 Kc3 64. Kg5 Kd4 65. h4 Kd5 66. h5 Ke6 67. Kg6 Rg2+ 68. Kh7 Kf7 69. f5 Rg5 0-1

[Event "Victor Ciocaltea Mem"]
[Site "Bucharest"]
[Date "2003.03.11"]
[Round "8"]
[White "Vajda, Levente"]
[Black "Iordachescu, Viorel"]
[Result "1/2-1/2"]
[WhiteElo "2576"]
[BlackElo "2550"]
[PlyCount "58"]
[EventDate "2003.03.04"]
[Source "Roberto Alvarez"]
[SourceDate "2003.03.10"]

1. e4 e5 2. Nf3 Nf6 3. d3 d5 4. exd5 Qxd5 5. a3 Nc6 6. Nc3 Qd8 7. Be2 g6 8. O-O Bg7 9. Re1 O-O 10. Bf1 Re8 11. h3 h6 12. Bd2 Nd5 13. g3 Be6 14. b4 Nxc3 15. Bxc3 Bd5 16. Nd2 Qd7 17. Bg2 Bxg2 18. Kxg2 f5 19. Qf3 Rab8 20. Rad1 Nd8 21. Kh2 Nf7 22. Qg2 c6 23. Nb3 Rbd8 24. Na5 Kh7 25. Rd2 Re6 26. Rde2 b6 27. Nc4 Rde8 28. Kh1 h5 29. Kg1 R6e7 1/2-1/2

[Event "FRA-ch Pool A"]
[Site "Marsailles"]
[Date "2001.08.19"]
[Round "7"]
[White "Degraeve, Jean Marc"]
[Black "Koch, Jean Rene"]
[Result "1-0"]
[WhiteElo "2602"]
[BlackElo "2518"]
[PlyCount "63"]
[EventDate "2001.08.13"]
[Source "ChessBase"]
[SourceDate "2001.11.13"]

1. e4 e5 2. Nf3 Nf6 3. Nxe5 d6 4. Nf3 Nxe4 5. Bd3 d5 6. Qe2 Qe7 7. O-O Nd6 8. Qd1 Qd8 9. Re1+ Be7 10. Nc3 c6 11. Qe2 Nd7 12. b3 Nc5 13. Qe5 Ne6 14. Bb2 Bf6 15. Qg3 O-O 16. Ba3 Be7 17. Re5 f5 18. Rae1 Rf6 19. Nd4 Ne4 20. Bxe7 Qxe7 21. Nxf5 Rxf5 22. Nxe4 dxe4 23. Rxf5 exd3 24. Qxd3 Bd7 25. Rfe5 Rf8 26. Qe3 Rf6 27. Qxa7 Qd6 28. Qe3 Nf4 29. Re4 Rf7 30. Qd4 Qh6 31. Qc4 Qf6 32. Re8+ 1-0

[Event "Memorial A. Kotov"]
[Site "Tula (Russia)"]
[Date "2007.07.05"]
[Round "9"]
[White "Arzumanian Georgy (ARM)"]
[Black "Afromeev Vladimir (RUS)"]
[Result "1/2-1/2"]
[WhiteElo "2474"]
[BlackElo "2628"]
[PlyCount "40"]
[EventDate "2007.??.??"]
[Source "www.chesslib.no"]
[SourceDate "2004.05.04"]

1. e4 e5 2. Nf3 Nf6 3. Nxe5 Qe7 4. d4 Nc6 5. Nxc6 Qxe4+ 6. Qe2 Qxe2+ 7. Bxe2 dxc6 8. O-O Bf5 9. c3 O-O-O 10. Bg5 Be7 11. Re1 Rhe8 12. Nd2 h6 13. Bh4 Nd5 14. Bg3 Bd6 15. Bf3 Bxg3 16. hxg3 b6 17. Kf1 Bd3+ 18. Be2 Bxe2+ 19. Rxe2 Rxe2 20. Kxe2 Re8+ 1/2-1/2

[Event "Dos Hermanas ESP"]
[Site "?"]
[Date "2006.03.24"]
[Round "1.3"]
[White "Deviatkin Andrei"]
[Black "Petrosian Tigran L"]
[Result "0-1"]
[WhiteElo "2528"]
[BlackElo "2558"]
[PlyCount "238"]
[EventDate "2006.??.??"]
[Source "www.chesslib.no"]
[SourceDate "2004.05.04"]

1. e4 e5 2. Nf3 Nf6 3. Qe2 Nc6 4. g3 Bc5 5. Bg2 d6 6. d3 O-O 7. O-O h6 8. h3 Re8 9. Nbd2 d5 10. c3 a5 11. a4 dxe4 12. dxe4 Be6 13. Nc4 Nd7 14. b3 Qf6 15. Kh2 Nb6 16. Nfd2 Rad8 17. Nxb6 Bxb6 18. Nc4 Bxc4 19. Qxc4 Qe6 20. Qxe6 Rxe6 21. Ba3 Rd3 22. Rac1 Rf6 23. Rc2 h5 24. h4 g6 25. Bh3 Rff3 26. Bb2 Bc5 27. Kg2 Bxf2 28. Bc8 b6 29. Rfxf2 Rxg3+ 30. Kf1 Ne7 31. Ba6 Rd1+ 32. Ke2 Rgg1 33. Bc4 Rge1+ 34. Kf3 Nc8 35. Rcd2 Nd6 36. Rxd1 Rxd1 37. Bd5 Kg7 38. c4 f6 39. Kg2 Rd3 40. Ba3 c5 41. Rf3 Rxf3 42. Kxf3 Ne8 43. Bc1 Nc7 44. Be3 Na6 45. Bb7 Nb4 46. Bd2 Nc2 47. Bc3 Nb4 48. Bc8 Na2 49. Bd2 Nb4 50. Be6 Nc6 51. Bc3 Nb4 52. Bh3 Na2 53. Bd2 Nb4 54. Ke3 Nc2+ 55. Kd3 Nb4+ 56. Kc3 Nc6 57. Be3 Nb4 58. Bc8 Na2+ 59. Kd2 Nb4 60. Be6 Nc6 61. Bd5 Nb4 62. Ke2 Nc2 63. Bf2 Nb4 64. Be1 Nc2 65. Bd2 Nb4 66. Bxb4 axb4 67. Kf3 Kh6 68. Bf7 Kg7 69. Be8 Kh6 70. Ke3 Kg7 71. Kf2 Kh6 72. Kg3 Kg7 73. Bc6 Kh6 74. Bd5 Kg7 75. Be6 Kf8 76. Bd5 Kg7 77. Bb7 Kh6 78. Bc8 Kg7 79. Be6 Kf8 80. Bd7 Ke7 81. Bb5 Kf7 82. a5 bxa5 83. Ba4 Kg7 84. Bd7 Kf7 85. Ba4 Ke7 86. Bb5 Kd6 87. Be8 Ke7 88. Bb5 Ke6 89. Kf3 Kf7 90. Ke3 g5 91. Kf3 Ke7 92. Kg3 Kf7 93. Kh3 Kg7 94. Ba4 Kg6 95. Be8+ Kh6 96. Kg3 Kg7 97. Bxh5 f5 98. exf5 Kf6 99. Kg4 gxh4 100. Kxh4 Kxf5 101. Kg3 Ke4 102. Be8 Kd3 103. Kf2 e4 104. Ke1 Kc3 105. Ba4 Kd3 106. Kd1 e3 107. Ke1 e2 108. Bb5 Kc3 109. Ba4 Kd3 110. Be8 Kc3 111. Ba4 Kd3 112. Bc6 Kc3 113. Ba4 Kd3 114. Bc6 Kc3 115. Kxe2 Kxb3 116. Kd3 a4 117. Bf3 a3 118. Bd1+ Kb2 119. Bb3 Kxb3 0-1

[Event "Tula (Russia)"]
[Site "?"]
[Date "2004.01.25"]
[Round "4"]
[White "Yagupov Igor"]
[Black "Afromeev Vladimir"]
[Result "1/2-1/2"]
[WhiteElo "2509"]
[BlackElo "2547"]
[PlyCount "47"]
[EventDate "2004.??.??"]
[Source "www.chesslib.no"]
[SourceDate "2004.05.04"]

1. e4 e5 2. Nf3 Nf6 3. Nxe5 Qe7 4. Nf3 Qxe4+ 5. Be2 Bb4 6. a3 Ba5 7. b4 Bb6 8. Nc3 Qg4 9. O-O O-O 10. Bb2 d5 11. Na4 Nbd7 12. Nxb6 axb6 13. Ne5 Qe6 14. f4 Nxe5 15. fxe5 Ng4 16. Bxg4 Qxg4 17. Qxg4 Bxg4 18. Rf4 Be6 19. Re1 c5 20. h3 d4 21. Kf2 cxb4 22. axb4 Ra2 23. Bxd4 Rxc2 24. Bc3 1/2-1/2

[Event "Open Mediterranean 2013"]
[Site "Fiume CRO"]
[Date "2007.12.02"]
[Round "9.6"]
[White "Sedlak, Nikola"]
[Black "Saric, Ante"]
[Result "1-0"]
[WhiteElo "2605"]
[BlackElo "2441"]
[PlyCount "59"]
[EventDate "2007.11.25"]
[Source "www.chesslib.no"]
[SourceDate "2004.05.04"]

1. e4 e5 2. Nf3 Nf6 3. d3 d5 4. exd5 Qxd5 5. a3 Nc6 6. Be2 Bf5 7. O-O O-O-O 8. Nc3 Qd7 9. Nd2 Nd4 10. Re1 Nd5 11. Nxd5 Qxd5 12. Bf1 f6 13. Nc4 Qd7 14. Be3 g5 15. c3 Ne6 16. Na5 g4 17. Bxa7 Qd5 18. Qa4 b6 19. d4 Rd7 20. Ba6+ Kd8 21. Nc6+ Ke8 22. c4 Qd6 23. dxe5 Qd2 24. Bc8 Nc5 25. Bxd7+ Bxd7 26. exf6+ Kf7 27. Ne5+ Kxf6 28. Nxd7+ Qxd7 29. Qxd7 Nxd7 30. Re8 1-0

[Event "CZE-chT 0102"]
[Site "?"]
[Date "2002.01.13"]
[Round "7"]
[White "Navara David"]
[Black "Timoscenko Genadij"]
[Result "1-0"]
[WhiteElo "2531"]
[BlackElo "2513"]
[PlyCount "79"]
[EventDate "2002.??.??"]
[Source "www.chesslib.no"]
[SourceDate "2004.05.04"]

1. e4 e5 2. Nf3 Nf6 3. Nxe5 d6 4. Nf3 Nxe4 5. Bd3 Nf6 6. h3 Be7 7. O-O O-O 8. c3 Re8 9. Bc2 Nbd7 10. d4 b6 11. Bf4 Bb7 12. Nbd2 Bf8 13. Re1 Rxe1+ 14. Qxe1 Qe7 15. Qf1 Re8 16. c4 Qd8 17. d5 c6 18. dxc6 Bxc6 19. Nd4 Bb7 20. Rd1 a6 21. Nf5 Qc7 22. Nb1 Ne5 23. Ne3 d5 24. Bxe5 Rxe5 25. Nc3 dxc4 26. Qxc4 Rc5 27. Qh4 Rh5 28. Qd4 Qc6 29. Bb3 Qc5 30. Qd8 b5 31. Qb8 Qe7 32. Rd8 Bc6 33. Bd5 b4 34. Bxc6 bxc3 35. bxc3 Rc5 36. c4 g6 37. Nd5 Nxd5 38. Bxd5 Ra5 39. Re8 Qa3 40. Qf4 1-0

[Event "IHEM 2004"]
[Site "Hamburg"]
[Date "2000.01.01"]
[Round "8.1"]
[White "Rozentalis, Eduardas"]
[Black "Loeffler, Stefan"]
[Result "1-0"]
[WhiteElo "2619"]
[BlackElo "2413"]
[PlyCount "49"]
[EventDate "2004.05.29"]
[Source "Roberto Alvarez"]
[SourceDate "2004.06.07"]

1. e4 Nf6 2. Nc3 e5 3. Nf3 Bb4 4. Nxe5 O-O 5. Be2 Re8 6. Nd3 Bxc3 7. dxc3 Nxe4 8. Nf4 a5 9. O-O a4 10. Re1 Ra5 11. c4 Rae5 12. Be3 Nc6 13. Nd5 d6 14. f4 R5e6 15. Bg4 a3 16. bxa3 Rg6 17. f5 Rxg4 18. Qxg4 Re5 19. Bh6 Qf8 20. Rxe4 Bxf5 21. Nf6+ Kh8 22. Bxg7+ Qxg7 23. Qxf5 Rxf5 24. Re8+ Qg8 25. Rxg8# 1-0

[Event "BL2-Nord 0203"]
[Site "?"]
[Date "2003.01.26"]
[Round "5.1"]
[White "Rabiega Robert"]
[Black "Levin Felix"]
[Result "1-0"]
[WhiteElo "2503"]
[BlackElo "2523"]
[PlyCount "111"]
[EventDate "2003.??.??"]
[Source "www.chesslib.no"]
[SourceDate "2004.05.04"]

1. e4 e5 2. Nf3 Nf6 3. Nxe5 d6 4. Nf3 Nxe4 5. Bd3 Nf6 6. O-O Be7 7. h3 O-O 8. c3 Re8 9. Bc2 Nbd7 10. d4 Nf8 11. Bf4 Ng6 12. Bh2 Bf8 13. Nbd2 Bd7 14. Ng5 h6 15. Nge4 Bc6 16. Re1 Nxe4 17. Nxe4 Nh4 18. d5 Bd7 19. Qd3 f5 20. Nd2 Qg5 21. Bg3 Ng6 22. Nf3 Qf6 23. Qc4 Rxe1+ 24. Rxe1 Rc8 25. Ba4 Bxa4 26. Qxa4 Qf7 27. c4 c6 28. dxc6 bxc6 29. h4 f4 30. Bh2 Ne5 31. Nxe5 dxe5 32. Rxe5 Qf6 33. Re1 Bc5 34. Qc2 Qxh4 35. Re5 Bd6 36. Qf5 Rd8 37. Re1 Qg5 38. Qe4 Bc5 39. Bxf4 Qh4 40. Qf3 Rf8 41. g3 Qf6 42. Qe2 g5 43. Be3 Re8 44. Qd2 Bxe3 45. Rxe3 Rxe3 46. Qxe3 Qxb2 47. Qe8+ Kh7 48. Qd7+ Qg7 49. Qxc6 Qa1+ 50. Kg2 Qxa2 51. Qd7+ Kg6 52. c5 Qc4 53. c6 Qe4+ 54. Kh2 Qe2 55. Qxa7 Qc2 56. c7 1-0

[Event "FRA-chT 9900"]
[Site "?"]
[Date "2000.03.31"]
[Round "5.3"]
[White "Fressinet Laurent"]
[Black "Koch Jean Rene"]
[Result "1/2-1/2"]
[WhiteElo "2501"]
[BlackElo "2498"]
[PlyCount "121"]
[EventDate "2000.??.??"]
[Source "www.chesslib.no"]
[SourceDate "2004.05.04"]

1. e4 e5 2. Nf3 Nf6 3. Nxe5 d6 4. Nf3 Nxe4 5. Bd3 Nf6 6. O-O Be7 7. h3 O-O 8. c4 Nc6 9. Nc3 d5 10. cxd5 Nxd5 11. Be4 Be6 12. d4 Bf6 13. Re1 Nxc3 14. bxc3 Bd5 15. Qd3 g6 16. Bf4 Ne7 17. Be5 Bg7 18. c4 c6 19. Rab1 b6 20. Qc3 Bxe4 21. Rxe4 Nf5 22. Bxg7 Nxg7 23. Ne5 Qd6 24. Rbe1 Rad8 25. c5 bxc5 26. dxc5 Qf6 27. Qc1 Ne6 28. Ng4 Qg7 29. Re5 Kh8 30. Nh2 Rd5 31. Nf3 Rfd8 32. Qa3 Qf8 33. Qxa7 Kg8 34. Rc1 Rd1+ 35. Re1 Rxe1+ 36. Rxe1 Qxc5 37. Qxc5 Nxc5 38. Rc1 Rd5 39. Rc4 Kf8 40. Nd4 Ke7 41. Nxc6+ Kd6 42. Nd4 Ne6 43. Nb3 Rd1+ 44. Kh2 Rb1 45. Rc2 h5 46. h4 f6 47. Nd2 Ra1 48. Nc4+ Ke7 49. Ne3 Kf7 50. Rb2 g5 51. hxg5 fxg5 52. Rb7+ Kf6 53. Ra7 Nc5 54. Ra5 Ne4 55. a4 Kg6 56. Ra6+ Kf7 57. f3 Nf2 58. Kg3 Nh1+ 59. Kh3 Nf2+ 60. Kg3 Nh1+ 61. Kh3 1/2-1/2

[Event "Burgas-01"]
[Site "Ourense"]
[Date "2001.07.15"]
[Round "9.2"]
[White "Strikovic, Aleksa"]
[Black "Perez, Rodney"]
[Result "1/2-1/2"]
[WhiteElo "2515"]
[BlackElo "2482"]
[PlyCount "88"]
[EventDate "2001.07.??"]
[Source "www.chesslib.no"]
[SourceDate "2004.05.04"]

1. e4 e5 2. Nf3 Nf6 3. Nxe5 d6 4. Nf3 Nxe4 5. Bd3 Nf6 6. h3 Be7 7. O-O O-O 8. c3 Nc6 9. Bc2 Be6 10. d4 Qc8 11. Bg5 Bf5 12. Re1 h6 13. Bh4 Bxc2 14. Qxc2 Re8 15. Nbd2 Qd7 16. c4 Nh7 17. d5 Nd4 18. Nxd4 Bxh4 19. Qb3 Bf6 20. N4f3 c5 21. Ne4 Re7 22. Re2 Rae8 23. Rae1 g6 24. Kf1 Bg7 25. Qb5 Qc7 26. b4 Nf6 27. Nxf6+ Bxf6 28. bxc5 Qxc5 29. Qxc5 dxc5 30. Nd2 Rxe2 31. Rxe2 Rxe2 32. Kxe2 b6 33. f4 Kf8 34. g4 Ke7 35. Ne4 Bd4 36. g5 h5 37. a4 Kd7 38. Kf3 Bb2 39. f5 Bd4 40. fxg6 fxg6 41. Nf2 Bxf2 42. Kxf2 Kd6 43. Ke3 Ke5 44. h4 a5 1/2-1/2

[Event "FRA-ch"]
[Site "Narbonne"]
[Date "1997.08.24"]
[Round "9"]
[White "Bauer, Christian"]
[Black "Marciano, David"]
[Result "1/2-1/2"]
[WhiteElo "2525"]
[BlackElo "2470"]
[PlyCount "39"]
[EventDate "1997.08.15"]
[Source "ChessBase"]
[SourceDate "1997.11.23"]

1. e4 e5 2. Nf3 Nf6 3. Qe2 Nc6 4. c3 d5 5. d3 dxe4 6. dxe4 a5 7. Qc2 Bc5 8. Bb5 O-O 9. O-O Qe7 10. Bg5 Nd8 11. Bh4 Ne6 12. Bg3 Nh5 13. Bxe5 Ng5 14. Nbd2 Bg4 15. Bg3 Bxf3 16. Nxf3 Nxg3 17. hxg3 Qxe4 18. Qd1 Nxf3+ 19. Qxf3 Qxf3 20. gxf3 1/2-1/2

[Event "JUG-chT"]
[Site "Niksic"]
[Date "1997.??.??"]
[Round "2"]
[White "Petronic, Jovan"]
[Black "Marinkovic, Ivan"]
[Result "1/2-1/2"]
[WhiteElo "2490"]
[BlackElo "2505"]
[PlyCount "107"]
[EventDate "1997.08.27"]
[Source "ChessBase"]
[SourceDate "1997.09.26"]

1. e4 Nf6 2. Nc3 e5 3. Nf3 Bb4 4. Nxe5 O-O 5. Nd3 Bxc3 6. dxc3 Nxe4 7. Be2 d5 8. O-O c6 9. Nf4 Nd6 10. Nh5 a5 11. Bd3 Qh4 12. Ng3 Nd7 13. Re1 Nc5 14. Be3 Nxd3 15. cxd3 Be6 16. Bc5 Rfd8 17. Qd2 h6 18. f4 Qg4 19. Bxd6 Rxd6 20. Qf2 Bf5 21. d4 Rf6 22. h3 Qg6 23. Re5 Rd8 24. Rae1 Bd7 25. Kh2 Bf5 26. R1e3 b5 27. a3 Rf8 28. Qe2 Bb1 29. Nh5 Rf5 30. Nxg7 Kxg7 31. Rg3 Rxf4 32. Qe1 Be4 33. Re7 Rf6 34. Rxg6+ Rxg6 35. g4 h5 36. Rxe4 dxe4 37. Qxe4 hxg4 38. hxg4 Re6 39. Qf3 Rfe8 40. Qf5 Re2+ 41. Kg3 R8e3+ 42. Kf4 Re6 43. Kg3 a4 44. d5 R6e5 45. Qd7 Rxd5 46. Qxc6 Ree5 47. Kf4 Rc5 48. Qb6 Red5 49. Ke4 Rg5 50. Kf4 f6 51. Qb7+ Kg6 52. Qe4+ Kf7 53. Qb7+ Kg6 54. Qe4+ 1/2-1/2

[Event "Dieren op"]
[Site "Dieren"]
[Date "2002.07.15"]
[Round "6"]
[White "Safin, Shukhrat"]
[Black "Ernst, Sipke"]
[Result "1-0"]
[WhiteElo "2525"]
[BlackElo "2469"]
[PlyCount "84"]
[EventDate "2002.07.09"]
[Source "ChessBase"]
[SourceDate "2002.09.11"]

1. e4 e5 2. Nf3 Nf6 3. Nxe5 d6 4. Nf3 Nxe4 5. Bd3 Nc5 6. Be2 Be7 7. O-O O-O 8. d4 Ne6 9. Re1 Re8 10. Bd3 Nd7 11. h3 Nf6 12. c4 c5 13. d5 Nf8 14. Nc3 Ng6 15. Qc2 Bd7 16. Bd2 a6 17. a4 Nh5 18. Kh2 Qc8 19. a5 Bd8 20. Ne4 Qc7 21. g3 Nf6 22. Neg5 Nf8 23. Bc3 g6 24. Qd2 Rxe1 25. Rxe1 Ne8 26. Qf4 f6 27. Ne4 f5 28. Neg5 Ng7 29. Qh4 h5 30. Qf4 Rb8 31. h4 b5 32. axb6 Rxb6 33. Nh3 Rb3 34. Qh6 Rxc3 35. bxc3 Qa5 36. Nf4 Qxc3 37. Rb1 Be8 38. Rb8 Qf6 39. Ng5 Qe7 40. Nge6 Ngxe6 41. Nxe6 Nxe6 42. dxe6 Qc7 1-0

[Event "Chesspangenberg"]
[Site "Buenos Aires"]
[Date "2003.11.07"]
[Round "4.1"]
[White "Felgaer, Ruben"]
[Black "Flores, Diego"]
[Result "1-0"]
[WhiteElo "2554"]
[BlackElo "2440"]
[PlyCount "77"]
[EventDate "2003.11.04"]
[Source "Roberto Alvarez"]
[SourceDate "2003.11.17"]

1. e4 e5 2. Nf3 Nf6 3. Nxe5 d6 4. Nf3 Nxe4 5. Bd3 Nf6 6. h3 Be7 7. O-O Nbd7 8. c3 Nc5 9. Bc2 d5 10. Re1 O-O 11. d4 Nce4 12. Bf4 Re8 13. Nbd2 Bf5 14. Ne5 Bf8 15. g4 Bg6 16. Nf1 Nd7 17. Nxg6 hxg6 18. f3 Qf6 19. fxe4 Qxf4 20. Qd2 Qxd2 21. Nxd2 c5 22. a3 cxd4 23. cxd4 dxe4 24. Nxe4 Be7 25. Ba4 Red8 26. Bb3 Bh4 27. Re2 Nf6 28. Nd2 Nd5 29. Nf3 Bf6 30. Re4 g5 31. h4 Nf4 32. Kh2 Ng6 33. hxg5 Be7 34. Rf1 Bd6+ 35. Kh1 Rd7 36. Ne5 Bxe5 37. dxe5 Nf8 38. Ref4 Rd3 39. Bc4 1-0

[Event "It (open)"]
[Site "Zupanja (Croatia)"]
[Date "2008.01.09"]
[Round "9"]
[White "Popovic Dusan (SRB)"]
[Black "Saric Ante (CRO)"]
[Result "1/2-1/2"]
[WhiteElo "2552"]
[BlackElo "2441"]
[PlyCount "65"]
[EventDate "2008.??.??"]
[Source "www.chesslib.no"]
[SourceDate "2004.05.04"]

1. e4 e5 2. Nf3 Nf6 3. d3 c6 4. Nbd2 d6 5. g3 g6 6. Bg2 Bg7 7. O-O O-O 8. c3 Nbd7 9. Re1 Re8 10. d4 Qc7 11. b3 b5 12. a4 Bb7 13. Bb2 a6 14. Qc2 Nb6 15. c4 bxa4 16. dxe5 dxe5 17. c5 Nbd7 18. Rxa4 Bf8 19. Ba3 a5 20. Qc3 Nh5 21. Bh3 Bc8 22. Bf1 Ng7 23. Nc4 Nxc5 24. Rxa5 Rxa5 25. Nxa5 Nxb3 26. Bxf8 Nxa5 27. Ba3 f6 28. Rc1 Bd7 29. Bb4 Nb7 30. Bc4+ Ne6 31. Bd5 Nd6 32. Qd3 Nf7 33. Ba2 1/2-1/2

[Event "Paris FRA"]
[Site "?"]
[Date "2000.07.21"]
[Round "7"]
[White "Lalic Bogdan"]
[Black "Nikcevic Nebojsa"]
[Result "1/2-1/2"]
[WhiteElo "2520"]
[BlackElo "2473"]
[PlyCount "39"]
[EventDate "2000.??.??"]
[Source "www.chesslib.no"]
[SourceDate "2004.05.04"]

1. e4 e5 2. Nf3 Nf6 3. Nxe5 d6 4. Nf3 Nxe4 5. Bd3 Nf6 6. h3 Be7 7. c3 Nbd7 8. Bc2 Ne5 9. d4 Nxf3+ 10. Qxf3 c6 11. O-O O-O 12. Re1 Be6 13. Nd2 Qd7 14. Nf1 Rae8 15. Ng3 Bd8 16. Bg5 Nd5 17. Qd3 f5 18. Bd2 g6 19. Bh6 Rf7 20. Qf3 1/2-1/2

[Event "Tula (Russia)"]
[Site "?"]
[Date "2004.01.28"]
[Round "8"]
[White "Arzumanian Georgy"]
[Black "Afromeev Vladimir"]
[Result "0-1"]
[WhiteElo "2437"]
[BlackElo "2547"]
[PlyCount "52"]
[EventDate "2004.??.??"]
[Source "www.chesslib.no"]
[SourceDate "2004.05.04"]

1. e4 e5 2. Nf3 Nf6 3. Nxe5 Qe7 4. d4 Nc6 5. Nxc6 Qxe4+ 6. Be2 dxc6 7. O-O Be6 8. Nc3 Qg6 9. Bf3 O-O-O 10. Be3 Bd6 11. a4 Ng4 12. Bxg4 Bxg4 13. f3 Qh5 14. fxg4 Qxh2+ 15. Kf2 Qg3+ 16. Ke2 Rhe8 17. Rf3 Qxg2+ 18. Kd3 Qxg4 19. Qf1 c5 20. Rxf7 cxd4 21. Bxd4 Bc5 22. Kc4 Qxd4+ 23. Kb3 h5 24. Qf5+ Kb8 25. Qxh5 Qb4+ 26. Ka2 Qc4+ 0-1

[Event "Tula (Russia)"]
[Site "?"]
[Date "2004.01.30"]
[Round "12"]
[White "Kalygin Sergey V"]
[Black "Afromeev Vladimir"]
[Result "1/2-1/2"]
[WhiteElo "2437"]
[BlackElo "2547"]
[PlyCount "40"]
[EventDate "2004.??.??"]
[Source "www.chesslib.no"]
[SourceDate "2004.05.04"]

1. e4 e5 2. Nf3 Nf6 3. Nxe5 Qe7 4. d4 Nc6 5. Nxc6 Qxe4+ 6. Qe2 Qxe2+ 7. Bxe2 dxc6 8. Bf4 Bd6 9. Bxd6 cxd6 10. Nc3 Bf5 11. O-O-O O-O-O 12. h3 Rhe8 13. Rhe1 Ne4 14. Nxe4 Bxe4 15. f3 Bf5 16. d5 cxd5 17. Rxd5 Re5 18. Rxe5 dxe5 19. g4 Bg6 20. h4 h5 1/2-1/2